Financial institutions and markets. / (Record no. 7787)
[ view plain ]
| 000 -LEADER | |
|---|---|
| fixed length control field | 01559nam a22002537a 4500 |
| 003 - CONTROL NUMBER IDENTIFIER | |
| control field | OSt |
| 005 - DATE AND TIME OF LATEST TRANSACTION | |
| control field | 20210930150839.0 |
| 008 - FIXED-LENGTH DATA ELEMENTS--GENERAL INFORMATION | |
| fixed length control field | 120612t xxu||||| |||| 00| 0 eng d |
| 020 ## - INTERNATIONAL STANDARD BOOK NUMBER | |
| International Standard Book Number | 9780538482172 |
| 020 ## - INTERNATIONAL STANDARD BOOK NUMBER | |
| International Standard Book Number | 0538482176 |
| 040 ## - CATALOGING SOURCE | |
| Transcribing agency | LC |
| 050 ## - LIBRARY OF CONGRESS CALL NUMBER | |
| Classification number | HG173.M26 |
| 100 ## - MAIN ENTRY--PERSONAL NAME | |
| Personal name | Madura, Jeff |
| 245 ## - TITLE STATEMENT | |
| Title | Financial institutions and markets. / |
| Statement of responsibility, etc. | Jeff Madura |
| 250 ## - EDITION STATEMENT | |
| Edition statement | 10th ed. |
| 260 ## - PUBLICATION, DISTRIBUTION, ETC. | |
| Place of publication, distribution, etc. | London: |
| Name of publisher, distributor, etc. | South-Western, |
| Date of publication, distribution, etc. | 2012. |
| 300 ## - PHYSICAL DESCRIPTION | |
| Extent | xxxiv, 714 p.: |
| Other physical details | ill.; |
| 500 ## - GENERAL NOTE | |
| General note | Includes index. |
| 505 ## - FORMATTED CONTENTS NOTE | |
| Formatted contents note | Contents: 1. Overview of the financial environment: Role of financial markets and institutions -- Interest rate determination -- Interest rate structure -- 2. The Fed and monetary policy -- The Fed and its functions -- Monetary policy -- 3. Debt security markets: Money markets -- Bond markets -- Valuation and risk of bonds -- Mortgage markets -- 4. Equity markets: Investor monitoring and stock offerings -- Valuation and risk of stocks -- Markets microstructure and strategies -- 5. Derivative security markets: Financial futures markets -- Option markets -- Interest rate derivative markets -- Foreign exchange derivative markets -- 6. Commercial banking: Commercial bank operations -- Regulation of banks-- Bank management -- Bank performance -- 7. Nonbank operations: Thrift operations -- Finance company operations -- Mutual fund operations -- Securities operations -- Pension fund and insurance operations . |
| 650 ## - SUBJECT ADDED ENTRY--TOPICAL TERM | |
| Topical term following geographic name entry element | Financial institutions |
| 650 ## - SUBJECT ADDED ENTRY--TOPICAL TERM | |
| Topical term following geographic name entry element | Capital market. |
| 650 ## - SUBJECT ADDED ENTRY--TOPICAL TERM | |
| Topical term following geographic name entry element | Money market. |
| 942 ## - ADDED ENTRY ELEMENTS (KOHA) | |
| Source of classification or shelving scheme | Library of Congress Classification |
| Koha item type | Books |
| Withdrawn status | Lost status | Source of classification or shelving scheme | Damaged status | Not for loan | Home library | Current library | Shelving location | Date acquired | Total Checkouts | Full call number | Barcode | Date last seen | Copy number | Price effective from | Koha item type |
|---|---|---|---|---|---|---|---|---|---|---|---|---|---|---|---|
| Library of Congress Classification | WISCONSIN INTERNATIONAL UNIVERSITY COLLEGE, GHANA KUMASI LIBRARY | WISCONSIN INTERNATIONAL UNIVERSITY COLLEGE, GHANA KUMASI LIBRARY | General Stacks | 06/11/2019 | HG173.M26(10e) | K/1342/1342/19 | 30/09/2021 | 1 | 30/09/2021 | Books | |||||
| Library of Congress Classification | WISCONSIN INTERNATIONAL UNIVERSITY COLLEGE, GHANA KUMASI LIBRARY | WISCONSIN INTERNATIONAL UNIVERSITY COLLEGE, GHANA KUMASI LIBRARY | General Stacks | 06/11/2019 | HG173.M261(10e) | K/1351/1351/19 | 30/09/2021 | 2 | 30/09/2021 | Books | |||||
| Library of Congress Classification | WISCONSIN INTERNATIONAL UNIVERSITY COLLEGE, GHANA KUMASI LIBRARY | WISCONSIN INTERNATIONAL UNIVERSITY COLLEGE, GHANA KUMASI LIBRARY | General Stacks | 06/11/2019 | HG173.M262(10e) | K/1352/1352/19 | 30/09/2021 | 3 | 30/09/2021 | Books | |||||
| Library of Congress Classification | WISCONSIN INTERNATIONAL UNIVERSITY COLLEGE, GHANA KUMASI LIBRARY | WISCONSIN INTERNATIONAL UNIVERSITY COLLEGE, GHANA KUMASI LIBRARY | General Stacks | 06/11/2019 | HG173.M263(10e) | K/1353/1353/19 | 30/09/2021 | 4 | 30/09/2021 | Books | |||||
| Library of Congress Classification | WISCONSIN INTERNATIONAL UNIVERSITY COLLEGE, GHANA KUMASI LIBRARY | WISCONSIN INTERNATIONAL UNIVERSITY COLLEGE, GHANA KUMASI LIBRARY | General Stacks | 06/11/2019 | HG173.M264(10e) | K/1354/1354/19 | 30/09/2021 | 5 | 30/09/2021 | Books |
